01106nam a22001577a 4500003000900000005001700009008004100026040001300067100005800080245017200138250000600310260002200316300002000338490002400358520056600382IT-RoPau20220918175937.0130109b xxu||||| |||| 00| 0 eng d cIT-RoPau aAlberione [James] GiacomoqFondatore Famiglia Paolina aMihi vivere Christus est. For Me To Live Is Christ.bRecollectionis of Primo Maestro, Founder to the Pauline Priests. Notes and indexes by Rev Joseph Barbèro S.S.P. aI aBostonbFSPc1984 a128 p.c18,5 cm aSt. Paul EditionvI a Contents Presentation Dearest Brothers Meditation I (1-21) Meditation II (22-37) Meditation III (38-51) Meditation IV (52-73) Meditation V (74-87) Meditation VI ( 88-103) Meditation VII (104-117) Meditation VIII (118-132) Meditation IX ( 133-145) Meditation X (146-158) Meditation XI (159-184) Meditation XII (185-205) Meditation XIII (206-219) Meditation XIV (220-238) Notes Indices Alphabetical Index: Topics, Places, Person Index of Biblical Citations